000 00247nam a2200109Ia 4500
999 _c9715
_d9715
020 _a9780201590982
100 _aHoffer, Prescott
245 0 _aModern Database Management
260 _aCanada
_bTata McGraw Hill
_c2002
300 _a160
942 _cBK